The soldiers' monument in Cambridge /

Bibliographic Details
Corporate Author: Cambridge (Mass.)
Other Authors: McKenzie, Alexander, 1830-1914
Format: Microform Book
Language:English
Published: Cambridge : Press of J. Wilson and son, 1870.
Subjects:

MARC

Tag First Indicator Second Indicator Subfields
LEADER 00000cam a2200000 a 4500
001 in00001368421
005 20151006073615.0
007 hd afu---baca
008 860325s1870 xx a 000 0 eng d
035 |a (OCoLC)13342713 
035 |9 AHH7704AM 
040 |a POG  |c POG  |d UtOrBLW 
043 |a n-us-ma 
049 |a TXAI 
090 |a PS586  |b .A450 pt. 3, no. 552 
099 |a film  |a B  |a 3870  |a  Segment III, no. 552) 
110 1 |a Cambridge (Mass.) 
245 1 4 |a The soldiers' monument in Cambridge /  |c Proceedings in relation to the building and dedication of the monument erected in the years 1869-70, by the city government of Cambridge, Mass., in honer of those of her soldiers and sailors who died in defence of the union of the states, in the war of the rebellion. 
264 1 |a Cambridge :  |b Press of J. Wilson and son,  |c 1870. 
300 |a 104 pages ;  |c 25 cm. 
336 |a text  |b txt  |2 rdacontent 
337 |a microform  |b h  |2 rdamedia 
338 |a microfilm reel  |b hd  |2 rdacarrier 
500 |a "Prepared and published by order of the City council." 
500 |a "Oration, by the Rev. Alexander McKenzie": pages [69]-104. 
533 |a Microfilm.  |b Woodbridge, Conn. :  |c Research Publications,  |d 1977.  |e 1 microfilm reel ; 35 mm.  |f (American Poetry, 1609-1900 ; Segment III, no. 552) 
539 |a s  |b 1977  |d ctu  |e n 
500 |a Microform. 
651 0 |a Cambridge (Mass.)  |x History  |y Civil War, 1861-1865. 
610 1 0 |a Cambridge, Mass.  |b Soldiers' monument. 
700 1 |a McKenzie, Alexander,  |d 1830-1914. 
999 |a MARS 
999 f f |s c8781093-6dd6-39f8-acd1-525e1ed4196a  |i e27ea5cc-856e-395f-be72-46735b7022d7  |t 0 
952 f f |p default  |a Texas A&M University  |b College Station  |c Sterling C. Evans Library  |d Evans: Microforms (3rd floor)  |t 0  |e film B 3870 Segment III, no. 552  |h Other scheme  |i microform -- microfilm reel 
998 f f |a film B 3870 Segment III, no. 552  |t 0  |l Evans: Microforms (3rd floor)